书目信息 |
| 题名: |
斯大林全集介绍
|
|
| 作者: | 斯大林 著 | |
| 分册: | ||
| 出版信息: | 北京 三联书店 |
|
| 页数: | 235页 | |
| 开本: | 21cm | |
| 丛书名: | ||
| 单 册: | ||
| 中图分类: | A3 | |
| 科图分类: | ||
| 主题词: | 斯大林著作 | |
| 电子资源: | ||
| ISBN: | ||
| 000 | 00506nam0 2200193 45 | |
| 001 | 0404211575 | |
| 005 | 20040421153313.4 | |
| 010 | @dCNY7.30 | |
| 100 | @a20040421d km y0chiy0120 ea | |
| 101 | 0 | @achi |
| 105 | @a z 000yy | |
| 200 | 1 | @a斯大林全集介绍@ASi Da Lin Quan Ji Jie Shao@f斯大林著@FSi Da Lin Zhu |
| 210 | @a北京@c三联书店 | |
| 215 | @a235页@d21cm | |
| 606 | 0 | @a斯大林著作 |
| 690 | @aA3@v3 | |
| 701 | 0 | @a斯大林@4著 |
| 801 | @aCN@bPftUser@c20040421 | |
| 905 | @f2@b961-962@dA3@e1-5@b958@f1 | |
| 斯大林全集介绍/斯大林著.-北京:三联书店 |
| 235页;21cm |
| ISBN :CNY7.30 |
| ● |
| 相关链接 |
|
|
|
|
正题名:斯大林全集介绍
索取号:A3/1-5
 
预约/预借
| 序号 | 登录号 | 条形码 | 馆藏地/架位号 | 状态 | 备注 |
| 1 | 0000958 | 000950466 | 第一借阅区/ [索取号:A3/1-5] | 在馆 | |
| 2 | 0000961 | 000950420 | 第一借阅区/ [索取号:A3/1-5] | 在馆 | |
| 3 | 0000962 | 000950545 | 第一借阅区/ [索取号:A3/1-5] | 在馆 |